| 000 | 00530nam a2200169Ia 4500 | ||
|---|---|---|---|
| 008 | 130821s fr gr fre | ||
| 040 |
_aCo-BoUCM _bspa |
||
| 041 | _afre | ||
| 100 | 1 |
_aPimienta, Gustave _9155275 |
|
| 245 | 1 | 0 |
_aReflexions sur l'art _cGustave Pimienta. |
| 260 |
_aParís (Francia) _bLibrairie Floury _c[fecha desconocida] |
||
| 300 | _a165 páginas | ||
| 650 | 0 | 4 |
_aLiteratura europea _926524 |
| 650 | 0 | 4 |
_aLiteratura francesa _97794 |
| 942 |
_cLIBRO _a18 _e1 _mP45 _2DEWEY _h840 |
||
| 999 |
_c5093 _d5093 |
||